[Event "PHI-ch U14"]
[Site "San Antonio"]
[Date "2014.04.26"]
[Round "10"]
[White "Sato, Carl Zirex"]
[Black "Ranario, Aldin Ronulfo"]
[Result "1-0"]
[WhiteElo "1941"]
[BlackElo "1910"]
[PlyCount "69"]
[EventDate "2014.04.21"]
[EventType "swiss"]
[EventRounds "13"]
[EventCountry "PHI"]
[SourceTitle "CBM 160 Extra"]
[Source "ChessBase"]
[SourceDate "2014.07.01"]
[SourceVersion "1"]
[SourceVersionDate "2014.07.01"]
[SourceQuality "1"]

1. e4 e5 2. Nf3 Nc6 3. d4 exd4 4. Nxd4 Bc5 5. Be3 Qf6 6. c3 Nge7 7. g3 d6 8. Bg2 0-0 9. 0-0 Ne5 10. Nd2 Ng4 11. b4 Bb6 12. Nc4 Ng6 13. a4 N6e5 14. Nxe5 dxe5 15. Nf5 Nxe3 16. fxe3 Bxf5 17. exf5 Bxe3+ 18. Kh1 c6 19. Qe2 Bb6 20. b5 Ba5 21. bxc6 bxc6 22. Qa6 Bxc3 23. Rac1 Bd4 24. Rxc6 Qg5 25. f6 g6 26. Rc7 Rab8 27. a5 Qd2 28. Qc4 Qb4 29. Qc1 Rfe8 30. Rxf7 Kxf7 31. Qc7+ Ke6 32. Qc6+ Kf7 33. Qd7+ Re7 34. Bd5+ Kf8 35. fxe7+ 1-0

[Event "PHI-ch U14"]
[Site "San Antonio"]
[Date "2014.04.23"]
[Round "4"]
[White "Ranario, Aldin Ronulfo"]
[Black "Jacutina, John Merill"]
[Result "1-0"]
[WhiteElo "1910"]
[BlackElo "2045"]
[PlyCount "59"]
[EventDate "2014.04.21"]
[EventType "swiss"]
[EventRounds "13"]
[EventCountry "PHI"]
[SourceTitle "CBM 160 Extra"]
[Source "ChessBase"]
[SourceDate "2014.07.01"]
[SourceVersion "1"]
[SourceVersionDate "2014.07.01"]
[SourceQuality "1"]

1. e4 e6 2. d4 d5 3. Nc3 Bb4 4. e5 Ne7 5. a3 Bxc3+ 6. bxc3 c5 7. Nf3 Nbc6 8. a4 Qa5 9. Bd2 c4 10. h4 Bd7 11. h5 h6 12. g3 0-0-0 13. Bh3 Rdg8 14. Nh4 g5 15. Ng2 Rf8 16. 0-0 f5 17. exf6 Rxf6 18. f4 Rg8 19. fxg5 Rxf1+ 20. Qxf1 hxg5 21. Bg4 Nxd4 22. Qf7 Re8 23. cxd4 Qxd2 24. Bxe6 Qxd4+ 25. Kh2 Kd8 26. Re1 Bc6 27. h6 Qd2 28. h7 d4 29. Qxe8+ Bxe8 30. h8Q 1-0